| 000 | 02760nam a22004097a 4500 | ||
|---|---|---|---|
| 005 | 20100818111233.0 | ||
| 010 | _aENG-100810 B-426739-749 | ||
| 020 |
_a9780070680203 _c425.00 |
||
| 035 | _aEN-84343 B-426739-749 | ||
| 037 | _bDBAD/PUB | ||
| 037 | _bAllied Pub/Ven | ||
| 082 | _a332 | ||
| 100 |
_aChandra, Prasanna _927541 |
||
| 245 |
_aFinance sense : _cby Prasanna Chandra _bfinance for non-finance executives / |
||
| 250 | _a4th ed. | ||
| 260 |
_aNew Delhi _bTata McGraw Hill Education _c2010 |
||
| 270 |
_a7 West Patel Nagar _bNew Delhi _e110008 |
||
| 300 |
_axvi, 495 p. _c24cm (Pbk) |
||
| 490 |
_aCFM-TMH Professional Series in Finance _927542 |
||
| 500 | _aIncludes index | ||
| 650 |
_aFinancial economics _927543 |
||
| 700 | _94162 | ||
| 942 |
_2ddc _cEN _h332 _mCHA |
||
| 999 |
_c42365 _d42365 |
||